000 01489cam a2200361 4500
002 7935
008 040915n2004 000 0 eng u
020 _a0754636283
035 _a(Sirsi) u127414
041 _aeng
050 _a333.33068
_c22
050 _a658.2
_c18
100 _aDeakin, Mark
245 _aProperty management
_bcorporate strategies, financial instruments and the urban environment
260 _aAldershot
_bAshgate
_c2004
300 _a152p.
_c24cm.
350 _a39.95
505 _aProperty management
505 _aCorporate strategies
505 _aFinancial instruments
505 _aComputer-based information system, property management and the appraisal of land and buildings in the urban environment
505 _aSustainable urban development: the framework and directory of assessment methods
505 _aValuation, investment appraisal, discounting, obsolescence and depreciation: their impact on the urban environment
505 _aEvaluating the development of sustainable communities
520 _aExamines the development of property management in terms of the corporate strategies and financial instruments used to appraise the land and buildings in the urban environment. Bibliography.
650 _aSUSTAINABLE DEVELOPMENT
650 _aFINANCIAL INSTRUMENTS
650 _aSUSTAINABLE COMMUNITIES
650 _aURBAN ENVIRONMENT
650 _aPROPERTY VALUATION
690 _aPROPERTY MANAGEMENT
_96262
942 _n0
999 _c103779
_d103779